|
|
|
|
| LEADER |
01172nam a2200253 a 4500 |
| 001 |
1614460 |
| 008 |
130527r20061996enk b 001 0 eng d |
| 010 |
|
|
|a 95009184
|
| 020 |
|
|
|a 0415118956
|
| 040 |
|
|
|a DLC
|c DLC
|d DLC
|d BD-DhAAL
|
| 082 |
0 |
0 |
|a 306/.0941
|2 20
|
| 100 |
1 |
|
|a Kuper, Adam.
|
| 245 |
1 |
0 |
|a Anthropology and anthropologists :
|b the modern British school /
|c Adam Kuper.
|
| 250 |
|
|
|a 3rd rev. and enl. ed.
|
| 260 |
|
|
|a London ;
|a New York :
|b Routledge,
|c 1996.[Reprinted 2006]
|
| 300 |
|
|
|a xi, 233 p. ;
|c 22 cm.
|
| 541 |
|
|
|a 27074
|
| 504 |
|
|
|a Includes bibliographical references (p. [197]-205) and indexes.
|
| 650 |
|
0 |
|a Ethnology
|z Great Britain
|x History.
|
| 650 |
|
0 |
|a Anthropologists
|z Great Britain.
|
| 852 |
1 |
|
|a Ayesha Abed Library
|c General shelf.
|
| 999 |
|
|
|c 13530
|d 13530
|
| 952 |
|
|
|0 0
|1 0
|4 0
|6 306_094100000000000_KUP
|7 0
|9 22594
|a BRACUL
|b BRACUL
|c GEN
|d 2012-06-01
|e Karim International
|g 3200.00
|l 2
|m 10
|o 306.0941 KUP
|p 3010027074
|r 2018-11-05
|s 2018-10-02
|t 1
|w 2012-06-01
|y BK
|
| 952 |
|
|
|0 0
|1 0
|4 0
|6 306_094100000000000_KUP
|7 0
|9 22595
|a BRACUL
|b BRACUL
|c GEN
|d 2012-06-01
|e Karim International
|g 3200.00
|l 1
|m 10
|o 306.0941 KUP
|p 3010027075
|r 2025-07-24
|s 2025-04-22
|t 2
|w 2012-06-01
|y BK
|